000 00483nam a2200181Ia 4500
005 20250508152118.0
008 008 250505s9999 xx 000 0 eng d
037 _aTextual
040 _aFEDL
_beng
_cFEDL
041 _aeng
_2eng
084 _a371.62, INT
_qFEDL
245 0 _aExpansion of school building
245 0 _cInternational Bureau Of Education Geneva
260 _c1957
300 _a244p.
942 _cTEXL
_h371.62, INT
999 _c1334317
_d1334317